Picture Quiz - Sports - Statistics

General Stats
  • This quiz has been taken 97 times
    73 since last reset
  • The average score is 22 of 28
Answer Stats
Picture Answer % Correct
Football
100%
Tabletennis
97%
Basketball
94%
Golf
94%
Tennis
93%
Baseball
91%
Boxing
90%
Ice Hockey
90%
American Football
88%
Cricket
87%
Darts
84%
Field Hockey
82%
Volleyball
82%
Rugby
81%
Skiing
79%
Athletics
78%
Curling
78%
Water Polo
78%
Cycling
76%
Gymnastics
73%
Badminton
72%
Formula 1
70%
Sailing
64%
Horse Racing
57%
Polo
57%
Judo
55%
Billiard
51%
Moto GP
36%
No matching quizzes found
Score Distribution
Percent of People with Each Score
Percentile by Number Answered
Your Score History
You have not taken this quiz since the last reset